Normal view
MARC view
Entry Personal Name
001 - CONTROL NUMBER
- control field: 15409
003 - CONTROL NUMBER IDENTIFIER
- control field: ARRUPE
005 - DATE AND TIME OF LATEST TRANSACTION
- control field: 20150219110818.0
008 - FIXED-LENGTH DATA ELEMENTS
- fixed length control field: 150219|| aca||aabn | a|a d
040 ## - CATALOGING SOURCE
- Original cataloging agency: ARRUPE
- Transcribing agency: ARRUPE
100 ## - HEADING--PERSONAL NAME
- Personal name: Timpe, Kevin (ed.)
670 ## - SOURCE DATA FOUND
- Source citation: Work cat.: (ARRUPE)2005: Timpe, Kevin (ed.), Arguing about religion, 2009